00707nam a22002057a 4500003000900000008004100009040007100050082002500121100002200146245004400168260004300212300007000255505005400325650001600379650001300395650001700408650003100425650001700456710002800473AR-CdUCM190410b ||||| |||| 00| 0 spa d aMUNICIPALIDAD PROVINCIAL DEL CUSCOcBIBLIOTECA MUNICIPAL DEL CUSCO aC / 985.603 / bAV91 aAvendaño, Angel aDiccionario enciclopédico del Qosqo / aCusco :bHochman international,c1995. a1013 páginas ;bFotografías, ilustraciones, retretes,c30 cm. aContenido: Diccionario enciclopédico del Qosqo. aPeruanismos aFolclore aDiccionarios aDiccionarios geográficos aPerú-Cusco aMunicipalidad del Qosqo